| 000 | 00000nas 2200000zi 4500 |
| 001 | 9.867391 |
| 003 | CaOODSP |
| 005 | 20230131095709 |
| 006 | m o d f |
| 007 | cr cn |||||||| |
| 008 | 190121c20149999qucar pss f0 a0fre|d |
| 022 | |a2562-3311|y1719-0495 |
| 040 | |aCaOODSP|bfre|erda|cCaOODSP |
| 043 | |an-cn--- |
| 086 | 1 |aEn81-29F-PDF|zEn81-6F-PDF |
| 222 | 0|aGuide technique pour la déclaration des émissions de gaz à effet de serre |
| 245 | 00|aGuide technique pour la déclaration des émissions de gaz à effet de serre : |bdéclaration des émissions de gaz à effet de serre par les installations. |
| 246 | 30|aDéclaration des émissions de gaz à effet de serre par les installations |
| 264 | 1|aGatineau (Québec) : |bEnvironnement Canada = Environment Canada, |c[2014]- |
| 310 | |aAnnuel |
| 336 | |atexte|btxt|2rdacontent/fre |
| 337 | |ainformatique|bc|2rdamedia/fre |
| 338 | |aressource en ligne|bcr|2rdacarrier/fre |
| 362 | 1 |aParaît depuis Octobre 2014. |
| 500 | |aÉgalement publié en anglais sous le titre : Technical guidance on reporting greenhouse gas emissions. |
| 550 | |aPubl. 2016- par Environnement et changement climatique Canada. |
| 692 | 07|2gccst|aGaz à effet de serre |
| 710 | 1 |aCanada. |bEnvironnement Canada. |
| 710 | 2 |aDéclaration des émissions de gaz à effet de serre par les installations (Canada) |
| 710 | 2 |aProgramme de déclaration des gaz à effet de serre (Canada) |
| 710 | 1 |aCanada. |bEnvironnement et changement climatique Canada. |
| 775 | 08|tTechnical guidance on reporting greenhouse gas emissions / |w(CaOODSP)9.867390 |
| 780 | 00|tDéclaration des émissions de gaz à effet de serre |w(CaOODSP)9.502355 |